มุมมองปกติ
มุมมองแบบ MARC
- ค่านิยมสังคม
รายการ Topical Term
001 - CONTROL NUMBER
- control field: 32120
003 - CONTROL NUMBER IDENTIFIER
- control field: NALT
005 - DATE AND TIME OF LATEST TRANSACTION
- control field: 20181025111532.0
008 - FIXED-LENGTH DATA ELEMENTS
- fixed length control field: 181025|| aca||babn | a|a d
040 ## - CATALOGING SOURCE
- Original cataloging agency: NALT
150 ## - HEADING--TOPICAL TERM
- Topical term or geographic name entry element: ค่านิยมสังคม
- Geographic subdivision: ไทย
